00424nam a22001337a 450000500170000002000250001703700080004210000180005024500510006826000310011927000980015030000320024849000100028020111228110456.0 a9788128628825c40.00 bPUB aBlyton, Enid  aNoddy and the bouncing ball /cby Enid Blyton aMumbai bEuro Books c2011 aDani Corporat e Park, First Floor, 158, Vidyanagari Marg, Kalina, SantacruzbMumbaie400098 aunpages bill.c20cm(pbk)  aNody